Real Decreto orgánico de 18 de junio de 1852 regularizando el ingreso, ascensos y condiciones de los empleados de la Administración activa / (Record no. 153929)

MARC details
000 -LEADER
campo de control de longitud fija 00894nam a2200205 i 4500
001 - NÚMERO DE CONTROL
campo de control 153929
003 - IDENTIFICADOR DE NÚMERO DE CONTROL
campo de control ES-MaACL
005 - FECHA Y HORA DE LA ÚLTIMA TRANSACCIÓN
campo de control 20230906205434.0
008 - DATOS DE LONGITUD FIJA--INFORMACIÓN GENERAL
campo de control de longitud fija 990119s1852 sp l |||| | spa d
110 1# - ENTRADA PRINCIPAL--NOMBRE DE ENTIDAD CORPORATIVA
Nombre de entidad corporativa o nombre de jurisdicción como elemento de entrada España.
Unidad subordinada Ministerio de Gobernación.
9 (RLIN) 3872
245 10 - MENCIÓN DEL TÍTULO
Título Real Decreto orgánico de 18 de junio de 1852 regularizando el ingreso, ascensos y condiciones de los empleados de la Administración activa /
Mención de responsabilidad, etc. [Ministerio de la Gobernación].
260 ## - PUBLICACIÓN, DISTRIBUCIÓN, ETC.
Lugar de publicación, distribución, etc. [S.l. :
Nombre del editor, distribuidor, etc. s.n.,
Fecha de publicación, distribución, etc. 1852?]
300 ## - DESCRIPCIÓN FÍSICA
Extensión [10] h. ;
Dimensiones 21 cm.
594 ## - Nota al título y mención de responsabilidad
Nota al título y mención de responsabilidad Mención de responsabilidad consta en la primera p.
596 ## - NOTA AL PIE DE IMPRENTA
NOTA AL PIE DE IMPRENTA El Real Decreto esta fechado en 1852.
597 ## - NOTA DE DESCRIPCIÓN FÍSICA
NOTA DE DESCRIPCIÓN FÍSICA Ejemplar mal guillotinado afectando a parte del texto.
597 ## - NOTA DE DESCRIPCIÓN FÍSICA
NOTA DE DESCRIPCIÓN FÍSICA Texto con notas marginales.
650 04 - PUNTO DE ACCESO ADICIONAL DE MATERIA--TÉRMINO DE MATERIA
Término de materia o nombre geográfico como elemento de entrada Funcionarios-
Subdivisión general Estatuto jurídico-
Subdivisión geográfica España.
9 (RLIN) 164741
852 ## - LOCALIZACIÓN
Ubicación ES-MaACL
Número de control de estantería G-14085(7)
Nota libre - Enc. hol.
-- .- Legado Charro Hidalgo
Holdings
Estatus retirado Estado de pérdida Estado de daño No para préstamo Colección Biblioteca de origen Biblioteca actual Ubicación en estantería Fecha de adquisición Fuente de adquisición Total de préstamos Signatura topográfica completa Código de barras Visto por última vez Precio de reemplazo Tipo de ítem Koha
        Libros del s. XIX Biblioteca del Ateneo de Madrid Biblioteca del Ateneo de Madrid Sala Pecera Planta 3 17/01/2008     G-14085(7) 1160935 23/02/2023 23/02/2023 Libro impreso antiguo